[Event "I cerrado Memorial Alfonso Pizarroso"]
[Site "Xativa"]
[Date "2018.07.01"]
[Round "1.1"]
[White "Cruz Lledo, Pablo"]
[Black "Uran Bermudez, Oliver Kevin"]
[Result "1-0"]
[BlackElo "2076"]
[WhiteElo "2443"]
[LiveChessVersion "1.4.8"]

1. d4 {[%clk 0:07:00]} e6 {[%clk 0:06:58]} 2. g3 {[%clk 0:07:02]} c5
{[%clk 0:06:52]} 3. c3 {[%clk 0:07:01]} Nf6 {[%clk 0:06:40]} 4. Bg2
{[%clk 0:07:02]} d5 {[%clk 0:06:38]} 5. Nf3 {[%clk 0:06:58]} Nbd7
{[%clk 0:06:17]} 6. O-O {[%clk 0:06:59]} Be7 {[%clk 0:06:07]} 7. a3
{[%clk 0:07:00]} b6 {[%clk 0:06:02]} 8. Bg5 {[%clk 0:06:57]} O-O {[%clk 0:05:58]}
9. Nbd2 {[%clk 0:06:59]} Bb7 {[%clk 0:05:59]} 10. b4 {[%clk 0:06:51]} Rc8
{[%clk 0:05:52]} 11. Qb3 {[%clk 0:06:31]} Ba6 {[%clk 0:05:38]} 12. b5
{[%clk 0:06:07]} Bb7 {[%clk 0:05:27]} 13. a4 {[%clk 0:06:09]} a5 {[%clk 0:05:20]}
14. bxa6 {[%clk 0:05:32]} Bxa6 {[%clk 0:05:21]} 15. Rfe1 {[%clk 0:05:23]} Qc7
{[%clk 0:04:37]} 16. Bxf6 {[%clk 0:04:31]} Bxf6 {[%clk 0:04:10]} 17. e4
{[%clk 0:04:33]} cxd4 {[%clk 0:03:53]} 18. cxd4 {[%clk 0:04:33]} dxe4
{[%clk 0:02:48]} 19. Nxe4 {[%clk 0:04:32]} Bc4 {[%clk 0:02:50]} 20. Qb2
{[%clk 0:04:12]} Bd5 {[%clk 0:02:49]} 21. Rec1 {[%clk 0:03:50]} Qb8
{[%clk 0:02:30]} 22. Nxf6+ {[%clk 0:02:30]} Nxf6 {[%clk 0:02:31]} 23. Ne5
{[%clk 0:01:40]} Rxc1+ {[%clk 0:02:25]} 24. Rxc1 {[%clk 0:01:34]} Bxg2
{[%clk 0:02:25]} 25. Kxg2 {[%clk 0:01:36]} Qa8+ {[%clk 0:02:27]} 26. Kg1
{[%clk 0:01:34]} Qxa4 {[%clk 0:02:08]} 27. Qxb6 {[%clk 0:01:36]} Nd5
{[%clk 0:01:30]} 28. Qc5 {[%clk 0:01:22]} Qb4 {[%clk 0:01:01]} 29. Nc6
{[%clk 0:01:07]} Qxc5 {[%clk 0:00:44]} 30. dxc5 {[%clk 0:01:08]} Rc8
{[%clk 0:00:46]} 31. Na7 {[%clk 0:00:53]} Ra8 {[%clk 0:00:48]} 32. Nb5
{[%clk 0:00:55]} Rb8 {[%clk 0:00:47]} 33. Nd6 {[%clk 0:00:53]} Kf8
{[%clk 0:00:37]} 34. c6 {[%clk 0:00:56]} Nc7 {[%clk 0:00:36]} 35. Ne4 Ke7
{[%clk 0:00:32]} 36. Kg2 {[%clk 0:00:56]} h6 {[%clk 0:00:30]} 37. h4
{[%clk 0:00:58]} f5 {[%clk 0:00:29]} 38. Nc5 {[%clk 0:00:57]} Rb6
{[%clk 0:00:26]} 39. Nd7 {[%clk 0:00:58]} Rb3 {[%clk 0:00:18]} 40. Ne5
{[%clk 0:01:00]} Kd6 {[%clk 0:00:16]} 41. f4 {[%clk 0:01:01]} Rb6
{[%clk 0:00:13]} 42. Nc4+ {[%clk 0:00:59]} Kc5 {[%clk 0:00:14]} 43. Nxb6+
{[%clk 0:01:01]} Kxb6 {[%clk 0:00:16]} 44. h5 {[%clk 0:01:00]} Nd5
{[%clk 0:00:14]} 45. Kf3 {[%clk 0:01:01]} Kc7 {[%clk 0:00:15]} 46. g4
{[%clk 0:00:42]} fxg4+ {[%clk 0:00:09]} 47. Kxg4 {[%clk 0:00:43]} Nf6+
{[%clk 0:00:10]} 48. Kh4 {[%clk 0:00:43]} Nd5 {[%clk 0:00:10]} 49. Rc4
{[%clk 0:00:43]} Ne7 {[%clk 0:00:09]} 50. Kg4 {[%clk 0:00:33]} Nxc6
{[%clk 0:00:09]} 51. f5 {[%clk 0:00:26]} Kd6 {[%clk 0:00:08]} 52. Rxc6+
{[%clk 0:00:26]} Kxc6 {[%clk 0:00:10]} 53. fxe6 {[%clk 0:00:28]} Kd6
{[%clk 0:00:07]} 54. Kf5 {[%clk 0:00:30]} Ke7 {[%clk 0:00:06]} 55. Ke4 1-0

[Event "I cerrado Memorial Alfonso Pizarroso"]
[Site "Xativa"]
[Date "2018.07.01"]
[Round "1.3"]
[White "Galvan, Jesus"]
[Black "Granero Roca, Antonio"]
[Result "0-1"]
[BlackElo "2390"]
[WhiteElo "2183"]
[LiveChessVersion "1.4.8"]

1. b3 {[%clk 0:07:00]} Nf6 {[%clk 0:07:04]} 2. Bb2 {[%clk 0:07:02]} d5
{[%clk 0:07:04]} 3. e3 {[%clk 0:07:02]} c6 {[%clk 0:07:00]} 4. Nf3
{[%clk 0:07:00]} g6 {[%clk 0:07:02]} 5. c4 {[%clk 0:06:57]} Bg7 {[%clk 0:07:02]}
6. d4 {[%clk 0:06:43]} O-O {[%clk 0:07:01]} 7. Nbd2 {[%clk 0:06:45]} a5
{[%clk 0:07:02]} 8. a3 {[%clk 0:06:46]} Bg4 {[%clk 0:06:42]} 9. Be2
{[%clk 0:06:44]} e6 {[%clk 0:06:43]} 10. O-O {[%clk 0:06:44]} Nbd7
{[%clk 0:06:45]} 11. Rc1 {[%clk 0:06:42]} Re8 {[%clk 0:06:43]} 12. Re1
{[%clk 0:06:43]} Qb6 {[%clk 0:06:31]} 13. Qc2 {[%clk 0:06:20]} Rec8
{[%clk 0:06:07]} 14. c5 {[%clk 0:06:11]} Qc7 {[%clk 0:06:06]} 15. h3
{[%clk 0:05:58]} Bxf3 {[%clk 0:06:04]} 16. Nxf3 {[%clk 0:05:51]} Ne4
{[%clk 0:06:01]} 17. Bd3 {[%clk 0:05:52]} f5 {[%clk 0:05:58]} 18. b4
{[%clk 0:05:11]} Re8 {[%clk 0:05:54]} 19. b5 {[%clk 0:04:21]} e5 {[%clk 0:05:47]}
20. a4 {[%clk 0:03:53]} Nxf2 {[%clk 0:05:30]} 21. Bxf5 {[%clk 0:03:33]} e4
{[%clk 0:05:31]} 22. Qxf2 {[%clk 0:03:01]} exf3 {[%clk 0:05:27]} 23. b6
{[%clk 0:02:40]} Qd8 {[%clk 0:05:21]} 24. Bxd7 {[%clk 0:02:29]} Qxd7
{[%clk 0:05:22]} 25. Qxf3 {[%clk 0:02:30]} Re4 {[%clk 0:05:20]} 26. Re2
{[%clk 0:01:57]} Rae8 {[%clk 0:05:16]} 27. Rce1 {[%clk 0:01:55]} h5
{[%clk 0:04:53]} 28. Bc3 {[%clk 0:01:53]} Kh7 {[%clk 0:04:44]} 29. Qg3
{[%clk 0:01:51]} Qe6 {[%clk 0:04:29]} 30. Kh1 {[%clk 0:01:27]} Bh6
{[%clk 0:04:24]} 31. Qc7+ {[%clk 0:00:54]} Re7 {[%clk 0:04:25]} 32. Qd6
{[%clk 0:00:56]} Qf7 {[%clk 0:04:17]} 33. Bd2 {[%clk 0:00:53]} Bf4
{[%clk 0:03:51]} 34. Qd8 {[%clk 0:00:43]} Bg3 {[%clk 0:03:26]} 35. Rc1
{[%clk 0:00:35]} Rxd4 36. Bc3 {[%clk 0:00:29]} Re8 {[%clk 0:03:02]} 37. Qxe8
{[%clk 0:00:31]} Qxe8 {[%clk 0:03:04]} 38. Bxd4 {[%clk 0:00:33]} Qf7
{[%clk 0:02:56]} 39. Kg1 {[%clk 0:00:33]} Qf5 {[%clk 0:02:40]} 40. Rd2
{[%clk 0:00:22]} g5 {[%clk 0:02:33]} 41. Rf1 {[%clk 0:00:23]} Bh2+
{[%clk 0:02:30]} 42. Kxh2 {[%clk 0:00:24]} Qxf1 43. e4 {[%clk 0:00:12]} Qf4+
{[%clk 0:02:34]} 0-1

[Event "I cerrado Memorial Alfonso Pizarroso"]
[Site "Xativa"]
[Date "2018.07.01"]
[Round "1.5"]
[White "Lopez Vercher, Josep"]
[Black "Diaz Velandia, Jose Manuel"]
[Result "0-1"]
[BlackElo "2359"]
[WhiteElo "1540"]
[LiveChessVersion "1.4.8"]

1. d4 {[%clk 0:07:03]} d5 {[%clk 0:07:05]} 2. Nf3 {[%clk 0:07:03]} Nf6
{[%clk 0:07:06]} 3. Bg5 {[%clk 0:07:04]} e6 {[%clk 0:07:08]} 4. e3
{[%clk 0:07:04]} Be7 {[%clk 0:07:10]} 5. Bd3 {[%clk 0:07:04]} Ne4
{[%clk 0:07:11]} 6. Bxe7 {[%clk 0:07:00]} Qxe7 {[%clk 0:07:13]} 7. O-O
{[%clk 0:06:56]} O-O {[%clk 0:07:07]} 8. Nbd2 {[%clk 0:06:57]} f5
{[%clk 0:07:09]} 9. c3 {[%clk 0:06:50]} Nd7 {[%clk 0:07:04]} 10. Qc2
{[%clk 0:06:50]} c6 {[%clk 0:06:56]} 11. Ne5 {[%clk 0:06:47]} Nxe5
{[%clk 0:06:57]} 12. dxe5 {[%clk 0:06:48]} Qc7 {[%clk 0:06:57]} 13. f4
{[%clk 0:06:47]} Qb6 {[%clk 0:06:58]} 14. Rfe1 {[%clk 0:06:09]} Bd7
{[%clk 0:06:59]} 15. Qb3 {[%clk 0:06:10]} Nxd2 {[%clk 0:06:58]} 16. Qxb6
{[%clk 0:05:41]} axb6 {[%clk 0:06:59]} 17. Rad1 {[%clk 0:05:19]} Ne4
{[%clk 0:06:59]} 18. a3 {[%clk 0:05:12]} c5 19. Ra1 {[%clk 0:04:19]} Ra7
{[%clk 0:06:48]} 20. Kf1 {[%clk 0:03:54]} b5 {[%clk 0:06:46]} 21. Red1
{[%clk 0:03:36]} Bc6 {[%clk 0:06:45]} 22. Rac1 {[%clk 0:03:02]} Rfa8
{[%clk 0:06:43]} 23. Rb1 {[%clk 0:01:43]} Be8 {[%clk 0:06:43]} 24. Rdc1
{[%clk 0:01:43]} Nd2+ {[%clk 0:06:45]} 25. Ke2 {[%clk 0:01:35]} Nxb1
{[%clk 0:06:45]} 26. Rxb1 {[%clk 0:01:37]} Bc6 {[%clk 0:06:45]} 27. g3
{[%clk 0:01:33]} h6 {[%clk 0:06:43]} 28. Kd2 {[%clk 0:01:31]} g5 {[%clk 0:06:41]}
29. Ke2 {[%clk 0:01:29]} Kf7 {[%clk 0:06:42]} 30. Kf2 {[%clk 0:01:28]} gxf4
{[%clk 0:06:43]} 31. exf4 {[%clk 0:01:25]} Rd8 {[%clk 0:06:40]} 32. Be2
{[%clk 0:01:16]} Ke7 {[%clk 0:06:41]} 33. Ke3 {[%clk 0:01:15]} d4+
{[%clk 0:06:42]} 34. cxd4 {[%clk 0:01:16]} Rxd4 {[%clk 0:06:43]} 35. Rc1
{[%clk 0:01:13]} b6 {[%clk 0:06:45]} 36. Bh5 {[%clk 0:01:08]} Rad7
{[%clk 0:06:45]} 0-1

[Event "I cerrado Memorial Alfonso Pizarroso"]
[Site "Xativa"]
[Date "2018.07.01"]
[Round "1.6"]
[White "Torres Sanchez, Jose"]
[Black "Simon Morales, Miguel Angel"]
[Result "1-0"]
[BlackElo "1401"]
[WhiteElo "2357"]
[LiveChessVersion "1.4.8"]

1. e4 {[%clk 0:07:04]} e5 {[%clk 0:07:04]} 2. Nf3 {[%clk 0:07:04]} Nc6
{[%clk 0:07:03]} 3. d4 {[%clk 0:07:01]} exd4 {[%clk 0:06:54]} 4. Nxd4
{[%clk 0:07:01]} Bc5 {[%clk 0:06:14]} 5. Be3 {[%clk 0:06:52]} Qf6
{[%clk 0:05:39]} 6. c3 {[%clk 0:06:52]} Nxd4 {[%clk 0:05:30]} 7. cxd4
{[%clk 0:06:53]} Bb4+ {[%clk 0:05:12]} 8. Nc3 {[%clk 0:06:54]} d6
{[%clk 0:04:41]} 9. Qa4+ {[%clk 0:06:54]} c6 {[%clk 0:04:19]} 10. Qxb4
{[%clk 0:06:54]} Ne7 {[%clk 0:04:01]} 11. e5 {[%clk 0:06:27]} dxe5
{[%clk 0:03:32]} 12. Ne4 {[%clk 0:06:28]} Qe6 {[%clk 0:02:40]} 13. Nd6+
{[%clk 0:06:20]} Kd7 {[%clk 0:02:34]} 14. dxe5 {[%clk 0:06:14]} Nd5
{[%clk 0:02:26]} 15. Qb3 {[%clk 0:05:58]} Qxe5 {[%clk 0:02:08]} 16. Nxf7
{[%clk 0:05:52]} Qe8 {[%clk 0:01:32]} 17. Nxh8 {[%clk 0:05:50]} Qxh8
{[%clk 0:01:32]} 18. O-O-O {[%clk 0:05:51]} Kc7 {[%clk 0:01:22]} 19. Rxd5
{[%clk 0:05:49]} cxd5 {[%clk 0:01:24]} 20. Bf4+ {[%clk 0:05:50]} Kc6
{[%clk 0:01:00]} 21. Qb5# 1-0

[Event "I cerrado Memorial Alfonso Pizarroso"]
[Site "Xativa"]
[Date "2018.07.01"]
[Round "1.7"]
[White "Pallas Moragues, Gerard"]
[Black "Sanchez Saez, Francisco"]
[Result "0-1"]
[BlackElo "2332"]
[WhiteElo "1388"]
[LiveChessVersion "1.4.8"]

1. e4 {[%clk 0:07:04]} c5 {[%clk 0:07:04]} 2. Nf3 {[%clk 0:07:05]} d6
{[%clk 0:07:06]} 3. d4 {[%clk 0:07:07]} cxd4 {[%clk 0:07:07]} 4. Nxd4
{[%clk 0:07:08]} Nf6 {[%clk 0:07:08]} 5. Nc3 {[%clk 0:07:10]} g6 {[%clk 0:07:09]}
6. f3 {[%clk 0:07:09]} Bg7 {[%clk 0:07:09]} 7. Be3 {[%clk 0:07:10]} O-O
{[%clk 0:07:09]} 8. Qd2 {[%clk 0:07:02]} Nc6 {[%clk 0:07:11]} 9. O-O-O
{[%clk 0:06:42]} d5 {[%clk 0:07:12]} 10. Nxc6 {[%clk 0:06:33]} bxc6
{[%clk 0:07:13]} 11. e5 {[%clk 0:06:09]} Ne8 {[%clk 0:06:39]} 12. Bh6
{[%clk 0:05:38]} Rb8 {[%clk 0:06:23]} 13. Bxg7 {[%clk 0:05:28]} Nxg7
{[%clk 0:06:23]} 14. f4 {[%clk 0:04:45]} Qa5 {[%clk 0:05:54]} 15. Qd4
{[%clk 0:04:12]} Bg4 {[%clk 0:05:35]} 16. Re1 {[%clk 0:03:16]} Rb4
{[%clk 0:03:47]} 17. Qe3 {[%clk 0:02:24]} d4 {[%clk 0:03:42]} 18. Qd2
{[%clk 0:01:40]} dxc3 {[%clk 0:03:36]} 19. Qxc3 {[%clk 0:01:41]} Qb6
{[%clk 0:02:58]} 20. b3 {[%clk 0:01:36]} Rxf4 {[%clk 0:02:52]} 0-1

[Event "I cerrado Memorial Alfonso Pizarroso"]
[Site "Xativa"]
[Date "2018.07.01"]
[Round "2.1"]
[White "Uran Bermudez, Oliver Kevin"]
[Black "Camarena Gimenez, Rufino"]
[Result "0-1"]
[BlackElo "2354"]
[WhiteElo "2076"]
[LiveChessVersion "1.4.8"]

1. e4 {[%clk 0:07:03]} e6 {[%clk 0:07:03]} 2. d4 {[%clk 0:07:01]} d5
{[%clk 0:07:05]} 3. Nc3 {[%clk 0:06:38]} Nf6 {[%clk 0:07:06]} 4. e5
{[%clk 0:06:39]} Nfd7 {[%clk 0:07:08]} 5. Qg4 {[%clk 0:06:34]} a6
{[%clk 0:07:04]} 6. Bg5 {[%clk 0:06:16]} f6 {[%clk 0:06:39]} 7. Qxe6+
{[%clk 0:06:15]} Be7 {[%clk 0:06:30]} 8. exf6 {[%clk 0:04:44]} Nxf6
{[%clk 0:06:28]} 9. Qe2 {[%clk 0:04:30]} O-O {[%clk 0:06:22]} 10. O-O-O
{[%clk 0:04:11]} Nc6 {[%clk 0:05:56]} 11. Nf3 {[%clk 0:04:02]} Bf5
{[%clk 0:05:43]} 12. Nh4 {[%clk 0:04:02]} Bd7 {[%clk 0:03:53]} 13. g3
{[%clk 0:03:51]} h6 {[%clk 0:02:50]} 14. Be3 {[%clk 0:03:17]} Bb4
{[%clk 0:02:46]} 15. Nb1 {[%clk 0:02:14]} Ne7 {[%clk 0:02:05]} 16. Qd3
{[%clk 0:01:40]} Ne4 {[%clk 0:01:54]} 17. f3 {[%clk 0:01:29]} Nd6
{[%clk 0:01:55]} 18. c3 {[%clk 0:01:21]} Ba5 {[%clk 0:01:55]} 19. Nd2
{[%clk 0:01:15]} Nef5 {[%clk 0:01:45]} 20. Ng6 {[%clk 0:00:57]} Bb5
{[%clk 0:01:38]} 21. c4 {[%clk 0:00:36]} dxc4 {[%clk 0:01:29]} 22. Qa3
{[%clk 0:00:34]} Nxe3 {[%clk 0:01:18]} 23. Qxa5 {[%clk 0:00:09]} Nxd1
{[%clk 0:00:45]} 24. Nxf8 {[%clk 0:00:11]} Ne3 {[%clk 0:00:29]} 25. Ne6
{[%clk 0:00:06]} Qe7 {[%clk 0:00:25]} 26. Nxc7 {[%clk 0:00:04]} Bc6
{[%clk 0:00:12]} 27. Nxa8 {[%clk 0:00:06]} Nd5 {[%clk 0:00:11]} 28. Qc3
{[%clk 0:00:07]} Nxc3 29. bxc3 {[%clk 0:00:09]} Qd8 {[%clk 0:00:15]} 30. Nxc4
{[%clk 0:00:09]} Nc8 {[%clk 0:00:10]} 31. Bd3 {[%clk 0:00:06]} b5
{[%clk 0:00:12]} 32. Ne5 {[%clk 0:00:07]} Bxa8 {[%clk 0:00:13]} 33. Bf5
{[%clk 0:00:08]} Nd6 {[%clk 0:00:14]} 34. Be6+ {[%clk 0:00:09]} Kh7
{[%clk 0:00:16]} 35. Re1 {[%clk 0:00:10]} Qc7 {[%clk 0:00:17]} 36. Kd2
{[%clk 0:00:11]} Nc4+ {[%clk 0:00:19]} 37. Nxc4 {[%clk 0:00:12]} bxc4
{[%clk 0:00:20]} 38. Bf5+ {[%clk 0:00:14]} g6 {[%clk 0:00:22]} 39. Be4
{[%clk 0:00:15]} Bc6 {[%clk 0:00:22]} 40. Bxc6 {[%clk 0:00:14]} Qxc6 41. Re2
{[%clk 0:00:15]} Qxf3 {[%clk 0:00:24]} 42. Re3 {[%clk 0:00:16]} Qf2+
{[%clk 0:00:23]} 43. Re2 {[%clk 0:00:18]} Qf5 {[%clk 0:00:26]} 44. Kc1
{[%clk 0:00:13]} Qd3 {[%clk 0:00:27]} 45. Rc2 {[%clk 0:00:15]} a5
{[%clk 0:00:29]} 46. Kb2 {[%clk 0:00:17]} a4 {[%clk 0:00:31]} 47. a3
{[%clk 0:00:18]} Qe4 {[%clk 0:00:32]} 48. Rd2 {[%clk 0:00:19]} Qb7+
{[%clk 0:00:34]} 49. Kc1 {[%clk 0:00:20]} Qb3 {[%clk 0:00:36]} 50. Rc2
{[%clk 0:00:21]} Qxa3+ {[%clk 0:00:37]} 51. Kd2 {[%clk 0:00:22]} Qd6
{[%clk 0:00:38]} 52. Kc1 {[%clk 0:00:23]} a3 {[%clk 0:00:40]} 53. Kb1
{[%clk 0:00:25]} Qb6+ {[%clk 0:00:42]} 54. Ka1 {[%clk 0:00:25]} Qb3
{[%clk 0:00:44]} 55. h4 {[%clk 0:00:25]} Qxc2 {[%clk 0:00:45]} 0-1

[Event "I cerrado Memorial Alfonso Pizarroso"]
[Site "Xativa"]
[Date "2018.07.01"]
[Round "2.2"]
[White "Granero Roca, Antonio"]
[Black "Kovacevic, Slobodan"]
[Result "1-0"]
[BlackElo "2292"]
[WhiteElo "2390"]
[LiveChessVersion "1.4.8"]

1. d4 {[%clk 0:07:03]} Nf6 {[%clk 0:07:05]} 2. c4 {[%clk 0:07:03]} e6
{[%clk 0:07:07]} 3. Nc3 {[%clk 0:07:04]} c5 {[%clk 0:07:09]} 4. d5
{[%clk 0:07:05]} exd5 {[%clk 0:07:11]} 5. cxd5 {[%clk 0:07:06]} d6
{[%clk 0:07:13]} 6. e4 {[%clk 0:07:04]} g6 {[%clk 0:07:15]} 7. h3
{[%clk 0:07:04]} a6 {[%clk 0:07:16]} 8. a4 {[%clk 0:07:06]} Bg7 {[%clk 0:07:18]}
9. Bd3 {[%clk 0:07:03]} O-O {[%clk 0:07:18]} 10. Nf3 {[%clk 0:07:05]} Nh5
{[%clk 0:07:20]} 11. O-O {[%clk 0:07:04]} Nd7 {[%clk 0:07:22]} 12. Bg5
{[%clk 0:07:05]} Bf6 {[%clk 0:07:23]} 13. Be3 {[%clk 0:07:06]} Qe7
{[%clk 0:07:16]} 14. Re1 {[%clk 0:07:05]} Ne5 {[%clk 0:07:10]} 15. Be2
{[%clk 0:07:06]} Nxf3+ {[%clk 0:07:11]} 16. Bxf3 {[%clk 0:07:07]} Ng7
{[%clk 0:07:13]} 17. Bf4 {[%clk 0:06:40]} Be5 {[%clk 0:07:12]} 18. Qd2
{[%clk 0:06:39]} Rb8 {[%clk 0:06:59]} 19. a5 {[%clk 0:06:19]} b5 {[%clk 0:06:51]}
20. axb6 {[%clk 0:06:20]} Rxb6 {[%clk 0:06:52]} 21. Ra2 {[%clk 0:06:05]} Re8
{[%clk 0:06:08]} 22. Bg5 {[%clk 0:04:45]} Qb7 {[%clk 0:05:01]} 23. Bf4
{[%clk 0:03:53]} Qe7 {[%clk 0:02:15]} 24. Bd1 {[%clk 0:03:38]} Rb4
{[%clk 0:02:05]} 25. Ba4 {[%clk 0:03:11]} Rf8 {[%clk 0:02:03]} 26. Bxe5
{[%clk 0:03:05]} Qxe5 {[%clk 0:02:02]} 27. f4 {[%clk 0:03:04]} Qe7
{[%clk 0:01:47]} 28. Qf2 {[%clk 0:02:49]} Nh5 {[%clk 0:01:24]} 29. Bc6
{[%clk 0:02:32]} Qf6 {[%clk 0:01:19]} 30. e5 {[%clk 0:02:12]} Qxf4
{[%clk 0:01:11]} 31. Qxf4 {[%clk 0:02:13]} Nxf4 {[%clk 0:01:10]} 32. exd6
{[%clk 0:02:11]} Bf5 {[%clk 0:00:56]} 33. d7 {[%clk 0:02:01]} Rbb8
{[%clk 0:00:51]} 34. Re8 {[%clk 0:01:58]} Kg7 {[%clk 0:00:36]} 35. Rxa6 Rd8
{[%clk 0:00:38]} 36. Ra7 {[%clk 0:01:42]} h5 {[%clk 0:00:36]} 37. Na4
{[%clk 0:01:43]} c4 {[%clk 0:00:35]} 38. Nb6 {[%clk 0:01:31]} Bd3
{[%clk 0:00:23]} 39. Rxd8 {[%clk 0:01:27]} Rxd8 {[%clk 0:00:25]} 40. Ra8
{[%clk 0:01:29]} Rxd7 {[%clk 0:00:18]} 41. Nxd7 {[%clk 0:01:25]} h4
{[%clk 0:00:14]} 42. Ra7 {[%clk 0:01:26]} g5 {[%clk 0:00:04]} 43. Ne5
{[%clk 0:01:27]} Bg6 {[%clk 0:00:06]} 44. d6 {[%clk 0:01:19]} 1-0

[Event "I cerrado Memorial Alfonso Pizarroso"]
[Site "Xativa"]
[Date "2018.07.01"]
[Round "2.3"]
[White "Plaskett, H James"]
[Black "Galvan, Jesus"]
[Result "1-0"]
[BlackElo "2183"]
[WhiteElo "2455"]
[LiveChessVersion "1.4.8"]

1. d4 {[%clk 0:07:03]} d5 {[%clk 0:07:02]} 2. Nf3 {[%clk 0:07:07]} c6
{[%clk 0:07:04]} 3. e3 {[%clk 0:07:06]} Bg4 {[%clk 0:07:02]} 4. c4
{[%clk 0:07:07]} e6 {[%clk 0:07:05]} 5. Qb3 {[%clk 0:07:01]} Qb6 {[%clk 0:06:53]}
6. Nc3 {[%clk 0:07:02]} Nf6 {[%clk 0:06:54]} 7. Bd2 {[%clk 0:06:52]} Nbd7
{[%clk 0:06:56]} 8. Rc1 {[%clk 0:06:51]} Be7 {[%clk 0:06:43]} 9. Be2
{[%clk 0:06:43]} O-O {[%clk 0:06:39]} 10. h3 {[%clk 0:06:45]} Bh5
{[%clk 0:06:40]} 11. g4 {[%clk 0:06:19]} Bg6 {[%clk 0:06:41]} 12. Nh4
{[%clk 0:06:20]} Rab8 {[%clk 0:05:25]} 13. g5 {[%clk 0:06:11]} Ne8
{[%clk 0:05:10]} 14. Nxg6 {[%clk 0:06:08]} hxg6 {[%clk 0:05:07]} 15. h4
{[%clk 0:05:48]} Nd6 {[%clk 0:04:54]} 16. cxd5 {[%clk 0:04:36]} exd5
{[%clk 0:04:44]} 17. Qc2 {[%clk 0:04:19]} Rfe8 {[%clk 0:04:39]} 18. Bd3
{[%clk 0:04:09]} Nf8 {[%clk 0:04:31]} 19. Kf1 {[%clk 0:04:04]} Qd8
{[%clk 0:04:06]} 20. Re1 {[%clk 0:03:51]} Qd7 {[%clk 0:04:07]} 21. Qd1
{[%clk 0:03:26]} Nc4 {[%clk 0:03:17]} 22. Bc1 {[%clk 0:03:23]} b5
{[%clk 0:03:01]} 23. Qf3 {[%clk 0:03:20]} b4 {[%clk 0:03:02]} 24. Ne2
{[%clk 0:03:17]} Nd6 {[%clk 0:02:52]} 25. Nf4 {[%clk 0:03:17]} Bd8
{[%clk 0:02:31]} 26. h5 {[%clk 0:03:15]} Bxg5 {[%clk 0:02:28]} 27. hxg6
{[%clk 0:03:13]} Bxf4 {[%clk 0:02:12]} 28. gxf7+ {[%clk 0:02:21]} Qxf7
{[%clk 0:01:57]} 29. exf4 {[%clk 0:02:21]} Rxe1+ {[%clk 0:01:42]} 30. Kxe1
{[%clk 0:02:22]} Re8+ {[%clk 0:01:44]} 31. Kf1 {[%clk 0:02:23]} Ne4
{[%clk 0:00:32]} 32. Qh3 {[%clk 0:01:53]} Qf6 {[%clk 0:00:32]} 33. Be3
{[%clk 0:01:50]} Ne6 {[%clk 0:00:25]} 34. Qh7+ {[%clk 0:01:35]} Kf8
{[%clk 0:00:24]} 35. Bxe4 {[%clk 0:01:32]} dxe4 {[%clk 0:00:25]} 36. Qxe4
{[%clk 0:01:33]} Kf7 {[%clk 0:00:09]} 37. Qxc6 {[%clk 0:01:34]} Re7
{[%clk 0:00:06]} 38. d5 {[%clk 0:01:29]} Nd8 {[%clk 0:00:05]} 39. Qxf6+
{[%clk 0:01:25]} Kxf6 {[%clk 0:00:06]} 40. Rh8 {[%clk 0:01:25]} Nf7
{[%clk 0:00:08]} 41. Ra8 {[%clk 0:01:23]} Rd7 {[%clk 0:00:10]} 42. Rxa7
{[%clk 0:01:18]} Rxd5 {[%clk 0:00:12]} 43. Rb7 {[%clk 0:01:13]} Ra5
{[%clk 0:00:13]} 44. Rxb4 {[%clk 0:01:10]} Rxa2 {[%clk 0:00:15]} 45. Kg2
{[%clk 0:01:10]} Nh6 {[%clk 0:00:14]} 46. Kf3 {[%clk 0:01:10]} Nf5
{[%clk 0:00:15]} 47. Rb6+ {[%clk 0:01:12]} Kf7 {[%clk 0:00:17]} 48. Ke4
{[%clk 0:01:08]} g6 {[%clk 0:00:18]} 49. b4 {[%clk 0:01:04]} Ra4 {[%clk 0:00:19]}
50. Ke5 {[%clk 0:01:00]} Ra3 {[%clk 0:00:13]} 51. Rb7+ {[%clk 0:01:01]} Kg8
{[%clk 0:00:06]} 52. Bc5 {[%clk 0:01:02]} Ra1 {[%clk 0:00:04]} 53. Kf6
{[%clk 0:01:03]} Ra6+ {[%clk 0:00:05]} 54. Rb6 {[%clk 0:01:04]} Ra8
{[%clk 0:00:05]} 55. Kxg6 {[%clk 0:01:04]} Ng7 {[%clk 0:00:06]} 56. f5
{[%clk 0:01:03]} Ne8 {[%clk 0:00:05]} 57. Rb7 {[%clk 0:01:02]} Ra6+
{[%clk 0:00:06]} 58. Rb6 {[%clk 0:01:03]} Ra1 {[%clk 0:00:07]} 59. f3
{[%clk 0:00:59]} Ra2 {[%clk 0:00:08]} 60. f6 {[%clk 0:00:58]} Rg2+
{[%clk 0:00:10]} 61. Kf5 {[%clk 0:01:00]} Rh2 {[%clk 0:00:05]} 62. Rb8
{[%clk 0:00:59]} Kf7 {[%clk 0:00:05]} 63. Rb7+ {[%clk 0:01:00]} 1-0